<?xml version="1.0" encoding="UTF-8"?>
<record
    xmlns:xsi="http://www.w3.org/2001/XMLSchema-instance"
    xsi:schemaLocation="http://www.loc.gov/MARC21/slim http://www.loc.gov/standards/marcxml/schema/MARC21slim.xsd"
    xmlns="http://www.loc.gov/MARC21/slim">

  <leader>00313nam a2200133Ia 4500</leader>
  <controlfield tag="008">191201s2008    xx            000 0 und d</controlfield>
  <datafield tag="082" ind1=" " ind2=" ">
    <subfield code="a">491.435</subfield>
    <subfield code="b">VIP</subfield>
  </datafield>
  <datafield tag="100" ind1=" " ind2=" ">
    <subfield code="a">VIRAJ, M A</subfield>
  </datafield>
  <datafield tag="245" ind1=" " ind2="0">
    <subfield code="a">Pramanik Aalekhan or Tippan</subfield>
  </datafield>
  <datafield tag="260" ind1=" " ind2=" ">
    <subfield code="a">Dehli</subfield>
    <subfield code="b">Rajpal &amp; sons</subfield>
    <subfield code="c">2008</subfield>
  </datafield>
  <datafield tag="300" ind1=" " ind2=" ">
    <subfield code="a">192</subfield>
  </datafield>
  <datafield tag="650" ind1=" " ind2=" ">
    <subfield code="a">BBA</subfield>
  </datafield>
  <datafield tag="942" ind1=" " ind2=" ">
    <subfield code="2">ddc</subfield>
    <subfield code="c">BK</subfield>
  </datafield>
  <datafield tag="999" ind1=" " ind2=" ">
    <subfield code="c">4602</subfield>
    <subfield code="d">4602</subfield>
  </datafield>
  <datafield tag="952" ind1=" " ind2=" ">
    <subfield code="0">0</subfield>
    <subfield code="1">0</subfield>
    <subfield code="2">ddc</subfield>
    <subfield code="4">0</subfield>
    <subfield code="7">0</subfield>
    <subfield code="8">GENERAL</subfield>
    <subfield code="a">PIET</subfield>
    <subfield code="b">PIET</subfield>
    <subfield code="d">2010-07-20</subfield>
    <subfield code="e">Mittal book depot Samalkha</subfield>
    <subfield code="g">45.00</subfield>
    <subfield code="k">214</subfield>
    <subfield code="l">0</subfield>
    <subfield code="o">491.435 VIP</subfield>
    <subfield code="p">16053</subfield>
    <subfield code="r">2019-12-04 00:00:00</subfield>
    <subfield code="w">2010-07-19</subfield>
    <subfield code="y">BK</subfield>
  </datafield>
  <datafield tag="952" ind1=" " ind2=" ">
    <subfield code="0">0</subfield>
    <subfield code="1">0</subfield>
    <subfield code="2">ddc</subfield>
    <subfield code="4">0</subfield>
    <subfield code="7">0</subfield>
    <subfield code="8">GENERAL</subfield>
    <subfield code="a">PIET</subfield>
    <subfield code="b">PIET</subfield>
    <subfield code="d">2010-07-20</subfield>
    <subfield code="e">Mittal book depot Samalkha</subfield>
    <subfield code="g">45.00</subfield>
    <subfield code="k">214</subfield>
    <subfield code="l">0</subfield>
    <subfield code="o">491.435 VIP</subfield>
    <subfield code="p">16054</subfield>
    <subfield code="r">2019-12-04 00:00:00</subfield>
    <subfield code="w">2010-07-19</subfield>
    <subfield code="y">BK</subfield>
    <subfield code="z">History and Culture</subfield>
  </datafield>
  <datafield tag="952" ind1=" " ind2=" ">
    <subfield code="0">0</subfield>
    <subfield code="1">0</subfield>
    <subfield code="2">ddc</subfield>
    <subfield code="4">0</subfield>
    <subfield code="7">0</subfield>
    <subfield code="8">GENERAL</subfield>
    <subfield code="a">PIET</subfield>
    <subfield code="b">PIET</subfield>
    <subfield code="d">2010-07-20</subfield>
    <subfield code="e">Mittal book depot Samalkha</subfield>
    <subfield code="g">45.00</subfield>
    <subfield code="k">214</subfield>
    <subfield code="l">0</subfield>
    <subfield code="o">491.435 VIP</subfield>
    <subfield code="p">16055</subfield>
    <subfield code="r">2019-12-04 00:00:00</subfield>
    <subfield code="w">2010-07-19</subfield>
    <subfield code="y">BK</subfield>
    <subfield code="z">History and Culture</subfield>
  </datafield>
  <datafield tag="952" ind1=" " ind2=" ">
    <subfield code="0">0</subfield>
    <subfield code="1">0</subfield>
    <subfield code="2">ddc</subfield>
    <subfield code="4">0</subfield>
    <subfield code="7">0</subfield>
    <subfield code="8">GENERAL</subfield>
    <subfield code="a">PIET</subfield>
    <subfield code="b">PIET</subfield>
    <subfield code="d">2010-07-20</subfield>
    <subfield code="e">Mittal book depot Samalkha</subfield>
    <subfield code="g">45.00</subfield>
    <subfield code="k">214</subfield>
    <subfield code="l">1</subfield>
    <subfield code="o">491.435 VIP</subfield>
    <subfield code="p">16056</subfield>
    <subfield code="q">2021-07-26</subfield>
    <subfield code="r">2021-01-27 00:00:00</subfield>
    <subfield code="s">2021-01-27</subfield>
    <subfield code="w">2010-07-19</subfield>
    <subfield code="y">BK</subfield>
  </datafield>
  <datafield tag="952" ind1=" " ind2=" ">
    <subfield code="0">0</subfield>
    <subfield code="1">0</subfield>
    <subfield code="2">ddc</subfield>
    <subfield code="4">0</subfield>
    <subfield code="7">0</subfield>
    <subfield code="8">GENERAL</subfield>
    <subfield code="a">PIET</subfield>
    <subfield code="b">PIET</subfield>
    <subfield code="d">2010-07-20</subfield>
    <subfield code="e">Mittal book depot Samalkha</subfield>
    <subfield code="g">45.00</subfield>
    <subfield code="k">214</subfield>
    <subfield code="l">0</subfield>
    <subfield code="o">491.435 VIP</subfield>
    <subfield code="p">16057</subfield>
    <subfield code="r">2019-12-04 00:00:00</subfield>
    <subfield code="w">2010-07-19</subfield>
    <subfield code="y">BK</subfield>
    <subfield code="z">History and Culture</subfield>
  </datafield>
  <datafield tag="952" ind1=" " ind2=" ">
    <subfield code="0">0</subfield>
    <subfield code="1">0</subfield>
    <subfield code="2">ddc</subfield>
    <subfield code="4">0</subfield>
    <subfield code="7">0</subfield>
    <subfield code="8">GENERAL</subfield>
    <subfield code="a">PIET</subfield>
    <subfield code="b">PIET</subfield>
    <subfield code="d">2010-07-20</subfield>
    <subfield code="e">Mittal book depot Samalkha</subfield>
    <subfield code="g">45.00</subfield>
    <subfield code="k">214</subfield>
    <subfield code="l">0</subfield>
    <subfield code="o">491.435 VIP</subfield>
    <subfield code="p">16058</subfield>
    <subfield code="r">2019-12-04 00:00:00</subfield>
    <subfield code="w">2010-07-19</subfield>
    <subfield code="y">BK</subfield>
    <subfield code="z">History and Culture</subfield>
  </datafield>
</record>
